| 000 | 01272nam a22003617a 4500 | ||
|---|---|---|---|
| 003 | CHAP | ||
| 005 | 20220329143232.0 | ||
| 008 | 070606d2006 mx r 00110 spa d | ||
| 010 | _a93715 | ||
| 011 | _a94687 | ||
| 020 | _a9680202380 | ||
| 035 | _a105282 | ||
| 040 | _cCHAP | ||
| 082 | 0 | 4 |
_a681.763 _bB7 |
| 100 | 0 | 0 |
_aBrambila Paz, José de Jesús. _915005 |
| 245 | 1 | 0 |
_aEn el umbral de una agricultura nueva _c/por José de Jesús Brambila Paz |
| 260 |
_aChapingo, Méx. : _bUniversidad Autónoma Chapingo, _c2006 |
||
| 300 |
_a315 p. : _bilus.; gráfs.; cuadros. |
||
| 590 |
_aBATCH-UPD _b10 _c20130110 _lUCH01 _h1149 |
||
| 590 |
_aBATCH-UPD _b10 _c20130410 _lUCH01 _h0733 |
||
| 590 |
_aBATCH-UPD _b10 _c20130914 _lUCH01 _h0213 |
||
| 590 |
_aBATCH-UPD _b10 _c20130914 _lUCH01 _h1940 |
||
| 590 |
_aCONVERSION _b10 _c20130109 _lUCH01 _h1352 |
||
| 650 | 1 | 4 |
_aAgricultura _xInnovaciones tecnológicas. _91565 |
| 650 | 1 | 4 |
_aAlimentos _xIndustria. _94227 |
| 650 | 1 | 4 |
_aAlimentos _xTecnología. _94284 |
| 650 | 1 | 4 |
_aProductos agrícolas _xMercadeo. _991951 |
| 901 | _aBK | ||
| 905 | _aElisama A. H. | ||
| 942 | _cLIBRO | ||
| 949 |
_a681.763 B7 _bBC _cLIBRO _d33724002029801 _eLIBRO _h108603 _i105282 _so |
||
| 949 |
_a681.763 B7 _bBC _cUACH _d33724002029769 _eUACH _fc.2 _h108604 _i105282 _sb |
||
| 999 |
_c93715 _d93715 |
||